| 000 | 00672nam a2200193Ia 4500 | ||
|---|---|---|---|
| 003 | GCL | ||
| 008 | 140319s9999 xx 000 0 ara d | ||
| 040 |
_aGCL / _cGCL |
||
| 082 | 0 | 4 |
_a810.9 _bا د |
| 100 | 1 | _aايمن فؤاد سيد | |
| 245 | 1 | 0 |
_aدراسات عربية واسلامية مهداه الى اديب العربية الكبير ابى فهر محمود محمد شاكر / _cايمن فؤاد سيد |
| 700 | 1 | _aاحمد حمدى امام | |
| 700 | 1 | _aالحسانى حسن عبدالله | |
| 700 | 1 | _aمحمود على المدنى | |
| 700 | 1 | _aمحمد امين الحانجى | |
| 700 | 1 | _aمحمود فخر | |
| 300 | _a633 ص | ||
| 490 | _a | ||
| 999 |
_c37817 _d37817 |
||